FC Ingolstadt Bundesliga History - Statistiken

Allgemein
  • Dieses Quiz wurde 6 mal gespielt
  • Das Durchschnittsergebnis liegt bei 8 aus 32
Antwortstatistiken
Spieler % Korrekt
Marvin Matip
75%
Pascal Groß
75%
Almog Cohen
50%
Darío Lezcano
50%
Mathew Leckie
50%
Moritz Hartmann
50%
Ørjan Nyland
50%
Ramazan Özcan
50%
Sonny Kittel
50%
Stefan Lex
50%
Danny da Costa
25%
Konstantin Engel
25%
Martin Hansen
25%
Max Christiansen
25%
Roger Bernardo
25%
Romain Brégerie
25%
Romain Brégerie
25%
Tobias Levels
25%
Alfredo Morales
0%
Anthony Jung
0%
Benjamin Hübner
0%
Danilo Soares
0%
Elias Kachunga
0%
Florent Hadergjonaj
0%
Lukas Hinterseer
0%
Marcel Tisserand
0%
Markus Suttner
0%
Maurice Multhaup
0%
Robert Bauer
0%
Robert Leipertz
0%
Stefan Wannenwetsch
0%
Tomas Pekhart
0%
Keine übereinstimmenden Quizze gefunden
Verteilung der Resultate
Anzahl Personen mit jedem Resultat
Perzentil nach korrekt beantworteten Fragen
Ihre Resultats-Entwicklung
Sie haben dieses Quiz noch nicht gespielt